Statistics for Circle Line London Underground (Any Order)

Click here to take the quiz!

General Stats

  • This quiz has been taken 1,209 times
    (1,196 since last reset)
  • The average score is 27 of 35

Answer Stats

HintAnswer% Correct
9Paddington
90%
14King's Cross St. Pancras
88%
18Liverpool Street
87%
10Edgware Road
86%
26Embankment
86%
20Tower Hill
86%
29Victoria
86%
27Westminster
86%
19Aldgate
84%
11Baker Street
84%
16Barbican
84%
31South Kensington
84%
25Temple
84%
15Farringdon
83%
24Blackfriars
81%
13Euston Square
81%
17Moorgate
81%
30Sloane Square
81%
21Monument
79%
12Great Portland Street
78%
33High Street Kensington
78%
34Notting Hill Gate
78%
32Gloucester Road
77%
35Bayswater
76%
22Cannon Street
76%
23Mansion House
75%
1Hammersmith
74%
28St. James's Park
64%
2Goldhawk Road
60%
3Shepherd's Bush Market
60%
6Ladbroke Grove
59%
5Latimer Road
58%
8Royal Oak
55%
4Wood Lane
54%
7Westbourne Park
52%

Score Distribution

Percentile by Number Answered

Percent of People with Each Score

Your Score History

You have not taken this quiz since the last reset